[Event "Berlin-ch QT"]
[Site "Berlin"]
[Date "2015.04.11"]
[Round "9"]
[White "Schleicher, Janek"]
[Black "Heerde, Thomas"]
[Result "1-0"]
[WhiteElo "2031"]
[BlackElo "1996"]
[PlyCount "109"]
[EventDate "2015.04.03"]
[EventType "swiss"]
[EventRounds "9"]
[EventCountry "GER"]
[SourceTitle "EXT 2022"]
[Source "ChessBase"]
[SourceDate "2021.10.06"]
[SourceVersion "1"]
[SourceVersionDate "2021.10.06"]
[SourceQuality "1"]

1. d4 g6 2. e4 Bg7 3. Nf3 c5 4. dxc5 Na6 5. Bxa6 Qa5+ 6. Bd2 Qxa6 7. Bc3 Nf6 8. Qd3 Qc6 9. b4 0-0 10. Nbd2 b6 11. cxb6 Bb7 12. b5 Qxb6 13. 0-0 Rfc8 14. Bd4 Qc7 15. c4 Qf4 16. Rfe1 a6 17. a4 axb5 18. cxb5 d5 19. e5 Ne4 20. a5 Nxd2 21. Nxd2 Rc4 22. Nf3 h6 23. a6 Bc8 24. Be3 Qg4 25. Qxd5 Qe4 26. Qd8+ Kh7 27. Qxe7 Bh3 28. gxh3 Qxf3 29. Qb7 Qxh3 30. Qxa8 Rg4+ 31. Kh1 Bxe5 32. f4 Bxa1 33. Qe4 Bc3 34. Rg1 Rh4 35. Rg2 Rg4 36. a7 Rxg2 37. Qxg2 Qxe3 38. a8Q Qc1+ 39. Qg1 Qxf4 40. Qd5 Ba5 41. b6 Bxb6 42. Qxb6 h5 43. Qg2 Qc4 44. Qf6 Qb3 45. Qgf1 Kg8 46. Qd8+ Kh7 47. Qdf6 Kg8 48. Q1f3 Qa2 49. Qf2 Qc4 50. Kg2 Qd5+ 51. Q2f3 Qd2+ 52. Kh3 Qa2 53. Q3f4 Qa3+ 54. Kh4 Qf8 55. Q4d6 1-0

[Event "Berlin-ch QT"]
[Site "Berlin"]
[Date "2015.04.09"]
[Round "7"]
[White "Schleicher, Janek"]
[Black "Gebert Vangeel, Ralf"]
[Result "0-1"]
[WhiteElo "2031"]
[BlackElo "2041"]
[PlyCount "92"]
[EventDate "2015.04.03"]
[EventType "swiss"]
[EventRounds "9"]
[EventCountry "GER"]
[SourceTitle "EXT 2022"]
[Source "ChessBase"]
[SourceDate "2021.10.06"]
[SourceVersion "1"]
[SourceVersionDate "2021.10.06"]
[SourceQuality "1"]

1. e4 e5 2. Nf3 Nc6 3. Bc4 Nf6 4. d4 exd4 5. e5 d5 6. Bb5 Ne4 7. Nxd4 Bd7 8. Bxc6 bxc6 9. 0-0 c5 10. Nb3 c6 11. f3 Ng5 12. Be3 d4 13. Bf2 Be7 14. c3 c4 15. Nxd4 c5 16. Ne2 Qb6 17. Nd2 Bb5 18. f4 Ne6 19. f5 Nc7 20. Ne4 Rd8 21. Qc2 Nd5 22. a4 Ba6 23. a5 Qc6 24. Kh1 0-0 25. f6 gxf6 26. exf6 Nxf6 27. Bxc5 Nxe4 28. Bxe7 Rd2 29. Qc1 Rxe2 30. Rf3 Re8 31. Qf1 Rf2 32. Rxf2 Nxf2+ 33. Qxf2 Rxe7 34. Rd1 Qg6 35. Rd8+ Kg7 36. h3 Bb7 37. Rd4 Re4 38. Rd7 Bc6 39. Rxa7 Re1+ 40. Kh2 Qd6+ 41. Qg3+ Qxg3+ 42. Kxg3 Re2 43. Rc7 Rxg2+ 44. Kf4 Bd5 45. Ke5 Be6 46. Kd4 Rxb2 0-1

[Event "Karl Mala Memorial op 09th"]
[Site "Frankfurt"]
[Date "2005.07.31"]
[Round "6"]
[White "Schleicher, Janek"]
[Black "Hartmann, Nicolas"]
[Result "1-0"]
[WhiteElo "2069"]
[BlackElo "1664"]
[PlyCount "117"]
[EventDate "2005.07.28"]
[EventType "swiss"]
[EventRounds "7"]
[EventCountry "GER"]
[SourceTitle "EXT 2006"]
[Source "ChessBase"]
[SourceDate "2005.11.24"]
[SourceVersion "1"]
[SourceVersionDate "2005.11.24"]
[SourceQuality "1"]

1. d4 d5 2. c4 e6 3. Nc3 c5 4. e3 Nc6 5. Nf3 Nf6 6. Be2 dxc4 7. Bxc4 cxd4 8. exd4 Be7 9. 0-0 0-0 10. Qe2 Nxd4 11. Nxd4 Qxd4 12. Rd1 Qg4 13. f3 Qg6 14. g4 Nd7 15. Nb5 Nb6 16. Nc7 Rb8 17. Bd3 Qf6 18. g5 Qd4+ 19. Kh1 Qh4 20. Rg1 Bd6 21. Rg4 Qh3 22. Qf2 Bxh2 23. Rh4 Bg3+ 24. Rxh3 Bxf2 25. Bf4 Bd7 26. Kg2 Bd4 27. Rah1 g6 28. Bxg6 Kg7 29. Be4 Rh8 30. Rxh7+ Rxh7 31. Rxh7+ Kg8 32. Nxe6 Re8 33. Nxd4 Rxe4 34. Rh8+ Kxh8 35. fxe4 Na4 36. Nf5 Kg8 37. Be5 Nc5 38. Kf3 Kh7 39. Nd6 Kg6 40. Bf6 Ne6 41. Nxb7 Nxg5+ 42. Bxg5 Kxg5 43. Nc5 Bc6 44. Ke3 f5 45. Ne6+ Kf6 46. exf5 Bd7 47. Nd4 Bxf5 48. Nxf5 Kxf5 49. Kd4 Ke6 50. Kc5 Kd7 51. Kb5 Kc7 52. Ka6 Kb8 53. a4 Ka8 54. a5 Kb8 55. b3 Ka8 56. b4 Kb8 57. b5 Ka8 58. b6 axb6 59. axb6 1-0

[Event "Karl Mala Memorial op 09th"]
[Site "Frankfurt"]
[Date "2005.07.29"]
[Round "3"]
[White "Ritscher, Georg"]
[Black "Schleicher, Janek"]
[Result "0-1"]
[WhiteElo "1764"]
[BlackElo "2069"]
[PlyCount "56"]
[EventDate "2005.07.28"]
[EventType "swiss"]
[EventRounds "7"]
[EventCountry "GER"]
[SourceTitle "EXT 2006"]
[Source "ChessBase"]
[SourceDate "2005.11.24"]
[SourceVersion "1"]
[SourceVersionDate "2005.11.24"]
[SourceQuality "1"]

1. e4 c6 2. Nf3 d5 3. exd5 cxd5 4. d4 Nf6 5. Bf4 Qb6 6. Bc1 Bg4 7. Be2 Nc6 8. c3 e6 9. 0-0 Bd6 10. Re1 Qc7 11. h3 Bxf3 12. Bxf3 0-0 13. Bg5 b5 14. Nd2 b4 15. Rc1 Qa5 16. Qc2 Rac8 17. Nb3 Qb6 18. Be3 Na5 19. Nxa5 Qxa5 20. Bd2 Qxa2 21. Ra1 Qc4 22. Rxa7 bxc3 23. Bxc3 Qxd4 24. Ra4 Qb6 25. Qd2 Be7 26. Qg5 Rxc3 27. bxc3 Ne4 28. Qf4 Qxf2+ 0-1

[Event "Leipzig VfB op 12th"]
[Site "Leipzig"]
[Date "2005.03.02"]
[Round "3"]
[White "Jaehn, Michael"]
[Black "Schleicher, Janek"]
[Result "1/2-1/2"]
[WhiteElo "1977"]
[BlackElo "2076"]
[PlyCount "66"]
[EventDate "2005.01.03"]
[EventType "swiss"]
[EventRounds "9"]
[EventCountry "GER"]
[SourceTitle "EXT 2008"]
[Source "ChessBase"]
[SourceDate "2007.11.25"]
[SourceVersion "1"]
[SourceVersionDate "2007.11.25"]
[SourceQuality "1"]

1. d4 Nf6 2. Nf3 e6 3. c4 b6 4. g3 Be7 5. Bg2 Bb7 6. 0-0 0-0 7. Nbd2 c5 8. e3 d6 9. b3 Nbd7 10. Bb2 Ne4 11. Nxe4 Bxe4 12. Rc1 Nf6 13. Qe2 Qd7 14. Nd2 Bxg2 15. Kxg2 a6 16. f3 b5 17. Rfd1 Qb7 18. dxc5 dxc5 19. e4 Rfd8 20. Nf1 Rxd1 21. Rxd1 Rd8 22. Rxd8+ Bxd8 23. Qd3 Qd7 24. Qxd7 Nxd7 25. Nd2 Ba5 26. Nb1 bxc4 27. bxc4 f6 28. Kf2 Kf7 29. Ke2 Ke7 30. Kd3 Kd6 31. f4 Be1 32. Ke2 Ba5 33. Kd3 Be1 1/2-1/2

[Event "Leipzig VfB op 12th"]
[Site "Leipzig"]
[Date "2005.03.02"]
[Round "2"]
[White "Schleicher, Janek"]
[Black "Ksieski, Zbigniew"]
[Result "0-1"]
[WhiteElo "2076"]
[BlackElo "2384"]
[PlyCount "50"]
[EventDate "2005.01.03"]
[EventType "swiss"]
[EventRounds "9"]
[EventCountry "GER"]
[SourceTitle "EXT 2008"]
[Source "ChessBase"]
[SourceDate "2007.11.25"]
[SourceVersion "1"]
[SourceVersionDate "2007.11.25"]
[SourceQuality "1"]

1. d4 Nf6 2. Bg5 c5 3. Bxf6 gxf6 4. d5 Qb6 5. Qc1 Bh6 6. e3 f5 7. g3 e5 8. Ne2 Na6 9. Bg2 Qa5+ 10. Nd2 f4 11. exf4 exf4 12. c3 0-0 13. Qc2 d6 14. gxf4 Kh8 15. Nc4 Qd8 16. Ne3 Qf6 17. Be4 Bxf4 18. Nxf4 Qxf4 19. 0-0-0 b5 20. Bxh7 Bg4 21. Rd2 f5 22. Bg6 Rf6 23. h3 Bf3 24. Rg1 Rg8 25. c4 Nb4 0-1

[Event "Berlin Lichtenberger Sommer 3th"]
[Site "Berlin"]
[Date "2004.08.22"]
[Round "8.28"]
[White "Shapiro, Yosip"]
[Black "Schleicher, Janek"]
[Result "1-0"]
[WhiteElo "2037"]
[BlackElo "1881"]
[PlyCount "31"]
[EventDate "2004.08.14"]
[EventType "swiss"]
[EventRounds "9"]
[EventCountry "GER"]
[SourceTitle "EXT 2022"]
[Source "ChessBase"]
[SourceDate "2021.10.06"]
[SourceVersion "1"]
[SourceVersionDate "2021.10.06"]
[SourceQuality "1"]

1. e4 Nf6 2. e5 Nd5 3. d4 d6 4. Nf3 g6 5. Ng5 c6 6. c4 Nb6 7. Qf3 Be6 8. Nxe6 fxe6 9. exd6 exd6 10. Nc3 Bg7 11. Be3 Qf6 12. Qg3 0-0 13. Qxd6 Na6 14. 0-0-0 Rfd8 15. Qg3 c5 16. Bg5 1-0

[Event "Berlin Lichtenberger Sommer 3th"]
[Site "Berlin"]
[Date "2004.08.21"]
[Round "7.38"]
[White "Schleicher, Janek"]
[Black "Kroutikov, Arkadi"]
[Result "1-0"]
[WhiteElo "1881"]
[BlackElo "2058"]
[PlyCount "95"]
[EventDate "2004.08.14"]
[EventType "swiss"]
[EventRounds "9"]
[EventCountry "GER"]
[SourceTitle "EXT 2022"]
[Source "ChessBase"]
[SourceDate "2021.10.06"]
[SourceVersion "1"]
[SourceVersionDate "2021.10.06"]
[SourceQuality "1"]

1. d4 e6 2. c4 d5 3. Nc3 Nf6 4. cxd5 exd5 5. Bg5 Be7 6. e3 c6 7. Bd3 h6 8. Bh4 0-0 9. Qc1 c5 10. dxc5 Bxc5 11. Bxf6 Qxf6 12. Nxd5 Qc6 13. Be4 Qb5 14. Ne2 Qa5+ 15. Qc3 Qxc3+ 16. Nexc3 Nc6 17. Rc1 Bd6 18. f4 Nb4 19. Kf2 Nxd5 20. Bxd5 Be6 21. Bxe6 fxe6 22. Ne4 Bb4 23. a3 Ba5 24. b4 Bb6 25. Nc5 e5 26. Kf3 exf4 27. exf4 Bxc5 28. Rxc5 Rad8 29. Re1 Rd3+ 30. Re3 Rd4 31. f5 g6 32. g4 gxf5 33. Rxf5 Rxf5+ 34. gxf5 Kf7 35. Re6 Rd3+ 36. Kg4 Rxa3 37. Rxh6 b5 38. Kg5 a5 39. Rh7+ Ke8 40. f6 axb4 41. Kg6 Rf3 42. Rh8+ Kd7 43. f7 Ke6 44. f8Q Rxf8 45. Rxf8 Kd5 46. h4 b3 47. h5 Kc4 48. h6 1-0

[Event "Berlin Lichtenberger Sommer 3th"]
[Site "Berlin"]
[Date "2004.08.14"]
[Round "1.1"]
[White "Rabiega, Robert"]
[Black "Schleicher, Janek"]
[Result "1-0"]
[WhiteElo "2518"]
[BlackElo "1881"]
[PlyCount "33"]
[EventDate "2004.08.14"]
[EventType "swiss"]
[EventRounds "9"]
[EventCountry "GER"]
[SourceTitle "EXT 2022"]
[Source "ChessBase"]
[SourceDate "2021.10.06"]
[SourceVersion "1"]
[SourceVersionDate "2021.10.06"]
[SourceQuality "1"]

1. e4 Nf6 2. e5 Nd5 3. d4 d6 4. Nf3 g6 5. Bc4 Nb6 6. Bb3 Bg7 7. Qe2 Nc6 8. 0-0 dxe5 9. dxe5 Nd4 10. Qe4 Nxb3 11. axb3 Be6 12. Nc3 c6 13. Bf4 Nd5 14. Nxd5 cxd5 15. Qe3 a6 16. Nd4 Qb6 17. Nf5 1-0

[Event "Saarlouis op 1st"]
[Site "Saarlouis"]
[Date "1998.??.??"]
[Round "2"]
[White "Schleicher, Janek"]
[Black "Mueller, Oliver"]
[Result "1-0"]
[WhiteElo "1725"]
[BlackElo "1135"]
[PlyCount "46"]
[EventDate "1998.??.??"]
[EventType "swiss"]
[EventRounds "9"]
[EventCountry "GER"]
[SourceTitle "EXT 2006"]
[Source "ChessBase"]
[SourceDate "2005.11.24"]
[SourceVersion "1"]
[SourceVersionDate "2005.11.24"]
[SourceQuality "1"]

1. d4 g6 2. Nf3 Bg7 3. c4 d6 4. Bf4 Nf6 5. Nc3 0-0 6. e3 Nbd7 7. Be2 h6 8. h3 b6 9. 0-0 Bb7 10. Qc2 Nh7 11. Rfd1 e5 12. dxe5 g5 13. Bh2 dxe5 14. Nxe5 Bxe5 15. Bxe5 f5 16. c5 Qe8 17. Bc4+ Rf7 18. Bxc7 Nxc5 19. Qxf5 Ne6 20. Bxe6 Kf8 21. Bd6+ Kg7 22. Be5+ Nf6 23. Bxf7 Kxf7 1-0